|
|
|
|
| LEADER |
00000nas a2200000 a 4500 |
| 001 |
ssj0008491 |
| 003 |
WaSeSS |
| 005 |
20200512172242.0 |
| 006 |
m d |
| 007 |
cr n |
| 008 |
991103c19989999gw br pss 0 0eng c |
| 010 |
|
|
|a 2001229149
|
| 016 |
7 |
|
|a 013089349
|2 Uk
|
| 022 |
|
|
|a 1435-9456
|l 1435-9448
|y 1435-9448
|
| 035 |
|
|
|a (WaSeSS)ssj0008491
|
| 040 |
|
|
|a GAT
|b eng
|e pn
|c GAT
|d OH1
|d FUG
|d OCLCQ
|d MUQ
|d OCL
|d VRC
|d MYG
|d OCLCQ
|d UKMGB
|d OCLCQ
|d OCLCF
|d OCLCQ
|d DEFHM
|d OCLCO
|d OCLCA
|d AU@
|d OCLCO
|d DLC
|d NJT
|d VT2
|d OCL
|d OCLCA
|d CASUM
|d OCLCO
|d SFB
|d OCLCO
|d CNMTR
|d OCLCO
|d OCLCA
|d WaSeSS
|
| 042 |
|
|
|a pcc
|
| 050 |
0 |
0 |
|a QL785
|
| 060 |
0 |
0 |
|a W1
|b AN228FG
|
| 082 |
0 |
4 |
|a 591.51
|
| 130 |
0 |
|
|a Animal cognition (Online)
|
| 245 |
1 |
0 |
|a Animal cognition
|h [electronic resource].
|
| 260 |
|
|
|a Berlin :
|b Springer,
|c 1998-
|
| 310 |
|
|
|a 6 issues per year,
|b 2009-
|
| 321 |
|
|
|a Four no. a year,
|b -2008
|
| 362 |
0 |
|
|a Vol. 1, issue 1 (1998)-
|
| 500 |
|
|
|a Title from journal home page (viewed Nov. 3, 1999).
|
| 506 |
|
|
|a License restrictions may limit access.
|
| 520 |
|
|
|a Publishes original empirical and theoretical work, reviews, short communications and correspondence on the mechanisms and evolution of biologically rooted cognitive-intellectual structures.
|
| 525 |
|
|
|a Electronic supplementary material also available.
|
| 538 |
|
|
|a Mode of access: World Wide Web.
|
| 588 |
|
|
|a Latest issue consulted: Volume 22, issue 3 (May 2019) (Springer Link, viewed May 3, 2019).
|
| 630 |
0 |
7 |
|a Animal
|f 2017
|g Bildband
|2 gnd
|
| 650 |
|
0 |
|a Cognition in animals
|v Periodicals.
|
| 650 |
|
0 |
|a Animal intelligence
|v Periodicals.
|
| 650 |
1 |
2 |
|a Behavior, Animal.
|
| 650 |
1 |
2 |
|a Cognition.
|
| 650 |
1 |
2 |
|a Veterinary Medicine.
|
| 650 |
2 |
2 |
|a Learning.
|
| 650 |
2 |
2 |
|a Psychology, Comparative.
|
| 650 |
0 |
2 |
|a Animals.
|
| 650 |
|
6 |
|a Cognition chez les animaux
|v Périodiques.
|
| 650 |
|
7 |
|a Animal intelligence.
|2 fast
|0 (OCoLC)fst00809280
|
| 650 |
|
7 |
|a Cognition in animals.
|2 fast
|0 (OCoLC)fst00866500
|
| 650 |
|
7 |
|a Kognition
|2 gnd
|
| 650 |
|
7 |
|a Kognitive Psychologie
|2 gnd
|
| 650 |
|
7 |
|a Evolutionsbiologie
|2 gnd
|
| 650 |
|
7 |
|a Kognitives Verhalten
|2 gnd
|
| 650 |
|
7 |
|a Zeitschrift
|2 gnd
|
| 650 |
|
7 |
|a Online-Ressource
|2 gnd
|
| 650 |
|
7 |
|a Tiere
|2 gnd
|
| 650 |
0 |
7 |
|a Tiere.
|2 swd
|
| 655 |
|
0 |
|a Electronic journals.
|
| 776 |
1 |
|
|t Animal cognition
|x 1435-9448
|w (DLC)sn 99040993
|w (OCoLC)40720977
|
| 850 |
|
|
|a DLC
|a FU
|
| 856 |
4 |
0 |
|z Full text available from Research Library: 07/01/1998 to 1 year ago
|u https://search.proquest.com/publication/55406
|